Statistics for Top 100 Twitch Streamers

Click here to take the quiz!

General Stats

  • This quiz has been taken 347 times
  • The average score is 12 of 100

Answer Stats

RankTwitch CategoryAnswer% Correct
1FortniteNinja
78%
6VarietyxQcOW
61%
15Minecraftdreamwastaken
56%
7OfflineTVpokimane
53%
2FortniteTfue
44%
12Minecrafttommyinnit
42%
9TSM FortniteMyth
39%
32MinecraftGeorgeNotFound
33%
10Spanishibai
31%
61Varietyludwig
31%
4CS:GOshroud
31%
30Minecrafttubbo
28%
3SpanishRubius
23%
34GermanMontanaBlack88
21%
74Minecraftsapnap
21%
42MinecraftRanbooLive
20%
35VarietyAmouranth
19%
27LOLloltyler1
19%
86OfflineTVLilyPichu
18%
36Minecraftquackity
18%
52Minecraftquackityhq
17%
53Varietysodapoppin
17%
39OfflineTVsykkuno
17%
11VarietyTimTheTatman
17%
94100 ThievesCouRageJD
16%
25FortniteDrLupo
16%
59Minecraftkarljacobs
16%
13Varietysummit1g
16%
68GermanTrymacs
15%
38MinecraftWilburSoot
15%
5Spanishauronplay
14%
21FaZe FortniteMongraal
14%
14FaZeNICKMERCS
14%
82WOWAsmongold
13%
31CODDrDisrespect
13%
45MinecraftPhilza
13%
16Riot GamesRiot Games
12%
24Varietyadinross
11%
33FortniteClix
11%
51FrenchGotaga
11%
22Fortnitebugha
10%
20Varietydakotaz
10%
18ESL CSGOESL_CSGO
10%
19FortniteSypherPK
10%
8SpanishTheGrefg
10%
99TwitchTwitch
10%
83MinecraftNihachu
9%
28FortniteFortnite
8%
60Braziliangaules
8%
57Varietymoistcr1tikal
8%
50Fortnitenickeh30
8%
56Frenchsqueezie
8%
37TSM FortniteTSM_Daequan
8%
55FIFACastro_1021
7%
41LOLFaker
7%
73Ukrainians1mple
7%
89TSM FortniteTSM_Hamlinz
7%
88MinecraftBadBoyHalo
6%
40Fortnitebenjyfishy
6%
62VarietyLIRIK
6%
65Varietyjacksepticeye
5%
81100 Thievesmrsavage
5%
70CS:GOAnomaly
4%
71FortniteLoserfruit
4%
47Rocket LeagueRocketLeague
4%
17Brazilianalanzoka
3%
66SpanishAlexby11
3%
67FaZecloakzy
3%
26FortniteFresh
3%
69LOLimaqtpie
3%
91VarietyMarkiplier
3%
100100 ThievesYassuo
3%
90BrazilianCellbit
2%
29Varietyelded
2%
97SpanishJelty
2%
23Spanishjuansguarnizo
2%
85Fortnitestableronaldo_
2%
44CODSymfuhny
2%
63Fortnitex2twins
2%
75CODAydan
1%
58Spanishcoscu
1%
77TurkishElraenn
1%
78Spanishfernanfloo
1%
48Frenchgabelulz
1%
95TurkishKendineMuzisyen
1%
84Brazilianloud_coringa
1%
98SpanishMissaSinfonia
1%
79Fortnitemrfreshasian
1%
64LOLNightblue3
1%
43BrazilianNOBRU
1%
96Rainbow 6 SiegeRainbow6
1%
87Spanishrobleis
1%
46SpanishSLAKUN10
1%
49VarietySyndicate
1%
76VarietywtcN
1%
92BrazilianYoDa
1%
80SpanishIamChristini
0%
93SpanishLOLITOFDEZ
0%
72Follower BotsMzBETRAYAL
0%
54Follower Botsvision2kzn
0%

Score Distribution

Percentile by Number Answered

Percent of People with Each Score

Your Score History

You have not taken this quiz